• 首页
  • 本馆介绍
  • 公告通知
  • 最新文献
  • 馆藏检索
  • 电子资源
  • 读者导购
  • 参考咨询
  • 我的图书馆
  • 登录
  • 详细信息显示
  • 放入我的书架
  • 预约/预借图书
  • 作者相关作品
  • 分类相关作品
  • 丛书相关作品
  • 出版社相关作品

书目信息

  • 表格格式
  • 工作单格式
  • 卡片格式
题名:
现代经济管理与商业模式
    
 
作者: 陈莉 , 张纪平 , 孟山 主编
分册:  
出版信息: 哈尔滨   哈尔滨出版社  2020.7
页数: 291页
开本: 24cm
丛书名:
单 册:
中图分类: F2 , F71
科图分类:
主题词: 经济管理--jing ji guan li--研究 , 商业模式--shang ye mo shi--研究
电子资源:
ISBN: 978-7-5484-5348-2
000 01123nam0 2200277 450
001 2159531405
005 20211011172912.0
010    @a978-7-5484-5348-2@dCNY68.00
100    @a20200707d2020 em y0chiy0110 ea
101 0  @achi
102    @aCN@b230000
105    @ay z 000yy
106    @ar
200 1  @a现代经济管理与商业模式@Axian dai jing ji guan li yu shang ye mo shi@f陈莉, 张纪平, 孟山主编
210    @a哈尔滨@c哈尔滨出版社@d2020.7
215    @a291页@d24cm
330    @a这是一本经管类图书。本书概述了经济管理的内涵、特征,介绍了经济管理和企业经济管理的原理,简述了商业模式的研究背景、内涵、演进和评价。本书主要从企业的生产、质量、营销、经营战略、财务、投资和技术管理方面阐述了企业经济管理的内容,探索了现代商业模式的设计和评价方法;本书最后探究了现代商业模式和企业经济管理的创新方法和策略。
606 0  @a经济管理@Ajing ji guan li@x研究
606 0  @a商业模式@Ashang ye mo shi@x研究
690    @aF2@v5
690    @aF71@v5
701  0 @a陈莉@Achen li@4主编
701  0 @a张纪平@Azhang ji ping@4主编
701  0 @a孟山@Ameng shan@4主编
801  0 @aCN@b百万庄@c20211009
905    @b1308240-43@dF2@e108@f4
    
    现代经济管理与商业模式/陈莉, 张纪平, 孟山主编.-哈尔滨:哈尔滨出版社,2020.7
    291页;24cm
    
    
    ISBN 978-7-5484-5348-2:CNY68.00
    这是一本经管类图书。本书概述了经济管理的内涵、特征,介绍了经济管理和企业经济管理的原理,简述了商业模式的研究背景、内涵、演进和评价。本书主要从企业的生产、质量、营销、经营战略、财务、投资和技术管理方面阐述了企业经济管理的内容,探索了现代商业模式的设计和评价方法;本书最后探究了现代商业模式和企业经济管理的创新方法和策略。
●
相关链接 在E读中查询图书 在五车中查询图书 在当当中查询图书 在豆瓣中查询图书


正题名:现代经济管理与商业模式     索取号:F2/108         预约/预借

序号 登录号 条形码 馆藏地/架位号 状态 备注
1 1308240   213082402   第一样本阅览室/ [索取号:F2/108] 在馆    
2 1308241   213082411   第一借阅区/ [索取号:F2/108] 在馆    
3 1308242   213082420   第一借阅区/ [索取号:F2/108] 在馆    
4 1308243   213082439   第一借阅区/ [索取号:F2/108] 在馆    
唐山师范学院图书馆 欢迎您!
大连网信软件有限公司© 版权所有